[Event "19th Open Pula"]
[Site "Pula CRO"]
[Date "2005.06.25"]
[Round "8"]
[White "Medak,B"]
[Black "Elsness,F"]
[Result "1-0"]
[WhiteElo "2283"]
[BlackElo "2430"]

1.c4 e5 2.g3 Nf6 3.Bg2 d5 4.cxd5 Nxd5 5.Nf3 Nc6 6.d3 Be7 7.Nc3 Nb6 8.O-O O-O
9.a3 Re8 10.Be3 Bf8 11.Rc1 Nd4 12.Ne4 Bg4 13.Bxd4 exd4 14.Nc5 Bxc5 15.Rxc5 Qd6
16.Rc1 Re7 17.Qc2 c6 18.Rfe1 Rae8 19.Kf1 Nd7 20.Qa4 Bxf3 21.Bxf3 a6 22.Bg2 Nf6
23.Qc4 Ng4 24.h3 Ne5 25.Qc2 h5 26.h4 Ng4 27.Kg1 Qf6 28.Bf3 Ne5 29.Be4 g5
30.Qd2 gxh4 31.Qf4 Qg7 32.Qxh4 f5 33.Bxf5 Nf3+ 34.exf3 Rxe1+ 35.Rxe1 Rxe1+
36.Kg2 Qe7 37.Qxh5 Qe2 38.Qg6+ Kf8 39.Qf6+ Ke8 40.Bg6+ Kd7 41.Qxd4+ Kc7 42.g4 Qf1+
43.Kg3 Qg1+ 44.Kf4 Re6 45.Kg5 Rd6 46.Qe3 Rd5+ 47.Bf5 Qh2 48.f4 Qh8 49.Qe7+ Kb6
50.Qf6 Qh2 51.f3 Qh3 52.Qe6 Qxf3 53.Qe4 Qh3 54.Kg6 Rd6+ 55.Kf7 Rd8 56.Be6 Qh6
57.Qb4+ Ka7 58.g5 Qh7+ 59.Kf6 Qh8+ 60.Kg6 Qe8+ 61.Bf7 Qe3 62.f5 Qxd3 63.Qe7 Rh8
64.Kg7 Rc8 65.f6 Qh3 66.Be8 Qg3 67.f7 Rc7 68.Qf6 c5 69.g6 Qe3 70.Qd6 Kb8
71.Bd7  1-0

[Event "19th Open Pula"]
[Site "Pula CRO"]
[Date "2005.06.25"]
[Round "8"]
[White "Stanojoski,Z"]
[Black "Jovanovic,Zo CRO"]
[Result "0-1"]
[WhiteElo "2450"]
[BlackElo "2481"]

1.c4 e5 2.g3 Nc6 3.Bg2 f5 4.d3 Nf6 5.Nf3 Bb4+ 6.Bd2 Bxd2+ 7.Qxd2 O-O 8.O-O d6
9.Nc3 h6 10.Rab1 Qe8 11.Nd5 Nxd5 12.cxd5 Ne7 13.e4 f4 14.Rbc1 c5 15.dxc6 Nxc6
16.d4 Bg4 17.d5 Bxf3 18.dxc6 Bxg2 19.Qd5+ Kh8 20.cxb7 Rb8 21.Kxg2 f3+ 22.Kh1 Qd7
23.Qc6 Qxb7 24.Qxb7 Rxb7 25.b3 Rb4 26.Rfe1 Rd4 27.Rc2 g5 28.Kg1 g4 29.h3 h5
30.Rc7 a5 31.hxg4 hxg4 32.Ra7 Rc8 33.Rxa5 Rc2 34.a4 Re2 35.Rc1 Kg7 36.Rd5 Kf6
37.a5 Ra2 38.b4 Rxd5 39.exd5 e4 40.b5 Rxa5 41.Rb1 Ke5 42.b6 Ra8 43.Kf1 Kxd5
44.Ke1 Kc6 45.Kd2 Ra2+ 46.Ke3 Re2+ 47.Kf4 Kb7 48.Kxg4 Rxf2 49.Kf4 Re2 50.g4 f2
51.Rf1 e3 52.Kf3 Re1 53.Kg2 d5 54.g5 d4 55.g6 d3 56.g7 Rxf1  0-1

[Event "Suduroy"]
[Site "Tvoroyri FAI"]
[Date "2005.06.25"]
[Round "9"]
[White "Glud,J"]
[Black "Vovk,Ok"]
[Result "1-0"]
[WhiteElo "2319"]
[BlackElo "2122"]

1.c4 e5 2.g3 Nf6 3.Bg2 d5 4.cxd5 Nxd5 5.Nf3 Nc6 6.O-O Nb6 7.d3 Be7 8.Nbd2 O-O
9.a3 Be6 10.b4 a6 11.Bb2 f6 12.Rc1 Qd7 13.Ne4 Rab8 14.Re1 Rfd8 15.Qc2 Bd5
16.Nc5 Bxc5 17.bxc5 Nc8 18.Red1 Qe6 19.Rd2 N8a7 20.Qb1 e4 21.dxe4 Qxe4 22.Qa1 Na5
23.Nh4 Qe6 24.Bxd5 Rxd5 25.Qa2 Rd6 26.Bc3 Qxa2 27.Rxa2 Nb3 28.cxd6 Nxc1 29.Rc2 Nb3
30.dxc7 Rc8 31.Rb2 Nc5 32.Ba5 g6 33.Rd2 Kf7 34.Bb6 Ne4 35.Rd8 g5 36.Bxa7 Rxc7
37.Nf3 Nc3 38.Rd2 Nb5 39.Bb6 Rc1+ 40.Kg2 Nxa3 41.Rd7+ Ke6 42.Rxb7 Rb1 43.Nd4+ Kd6
44.Bc7+ Kd5 45.Rxb1 Nxb1 46.e3 Nd2 47.Bd8 g4 48.Bxf6  1-0

[Event "4th Open"]
[Site "La Fere FRA"]
[Date "2005.07.02"]
[Round "1"]
[White "Velikov,P"]
[Black "Trouville,R"]
[Result "1-0"]
[WhiteElo "2422"]
[BlackElo "2030"]

1.c4 e5 2.g3 Nf6 3.Bg2 Nc6 4.Nc3 Be7 5.d3 d6 6.e3 O-O 7.Nge2 Re8 8.h3 Bf8
9.O-O Ne7 10.e4 Ng6 11.Be3 Be7 12.d4 Nd7 13.Qc2 h5 14.f4 exf4 15.Nxf4 Nxf4
16.gxf4 Nb6 17.b3 Bh4 18.f5 g6 19.fxg6 fxg6 20.Rf3 Kg7 21.Raf1 Be6 22.d5 Bg8
23.Bd4+ Kh6 24.e5 dxe5 25.Be3+ Kg7 26.Qd2 Qe7 27.Ne4 Nd7 28.c5 Kh7 29.d6 cxd6
30.cxd6 Qg7 31.Bg5 Bxg5 32.Nxg5+ Kh8 33.Rf7 Bxf7 34.Rxf7 Qxf7 35.Nxf7+ Kg7
36.Bxb7  1-0

[Event "Open A"]
[Site "Klatovy CZE"]
[Date "2005.07.03"]
[Round "2"]
[White "Novak,Jar"]
[Black "Jonas,V"]
[Result "1-0"]
[WhiteElo "2035"]
[BlackElo "2055"]

1.c4 e5 2.g3 Nf6 3.Bg2 Nc6 4.Nc3 Bb4 5.a3 Bxc3 6.bxc3 d5 7.cxd5 Nxd5 8.Qc2 O-O
9.d3 Be6 10.Nf3 Qd7 11.Ng5 Bf5 12.Bxd5 Qxd5 13.e4 Qa5 14.exf5 Nd4 15.Qb2 h6
16.O-O  1-0

[Event "ch-BEL"]
[Site "Aalst BEL"]
[Date "2005.07.05"]
[Round "4"]
[White "Barbier,W"]
[Black "Laurent,B"]
[Result "0-1"]
[WhiteElo "2251"]
[BlackElo "2328"]

1.c4 e5 2.g3 Nf6 3.Bg2 c6 4.d4 exd4 5.Qxd4 d5 6.cxd5 cxd5 7.Nf3 Nc6 8.Qa4 Bc5
9.O-O O-O 10.Qc2 Bb6 11.Bg5 h6 12.Bxf6 Qxf6 13.Nc3 Be6 14.Rad1 Rac8 15.Qa4 Rfd8
16.e3 d4 17.Ne4 Qf5 18.Nxd4 Nxd4 19.exd4 Rc4 20.Qa3 Rcxd4 21.Rxd4 Rxd4 22.Nc3 Bc4
23.Re1 Qxf2+ 24.Kxf2 Rf4+  0-1

[Event "ch-BEL"]
[Site "Aalst BEL"]
[Date "2005.07.06"]
[Round "5"]
[White "Cekro,E"]
[Black "Claesen,P"]
[Result "1/2-1/2"]
[WhiteElo "2410"]
[BlackElo "2384"]

1.c4 e5 2.g3 g6 3.Bg2 Bg7 4.Nc3 d6 5.d3 Ne7 6.Rb1 O-O 7.h4 h6 8.e4 Nd7 9.Nge2 f5
10.Be3 Nf6  1/2-1/2

[Event "4th Open"]
[Site "La Fere FRA"]
[Date "2005.07.06"]
[Round "6"]
[White "Shalamberidze,A"]
[Black "Patsia,Z"]
[Result "1/2-1/2"]
[WhiteElo "2419"]
[BlackElo "2091"]

1.c4 e5 2.g3 f5 3.Bg2 Nf6 4.e3 c6 5.Ne2 Bd6 6.Nbc3 Bc7 7.O-O O-O 8.b4 Qe7
9.b5 a6 10.bxa6 Nxa6 11.d4 e4 12.a4 Ba5 13.Qb3 Kh8 14.Ba3 d6 15.f3 exf3 16.Rxf3 Be6
17.d5 cxd5 18.cxd5 Bg8 19.Rd1 Rac8 20.Nb5 Ne4 21.Ned4 Qe5 22.Ne6 Nac5 23.Nxc5 Nxc5
24.Qa2 Qe4 25.Bb2 Qe7 26.Bd4  1/2-1/2

[Event "ch-SCO"]
[Site "Oban SCO"]
[Date "2005.07.06"]
[Round "5"]
[White "Spencer,E"]
[Black "Kafka,G"]
[Result "1-0"]
[WhiteElo "2204"]
[BlackElo "2104"]

1.c4 e5 2.g3 Nc6 3.Nc3 f5 4.d3 Nf6 5.Bg2 d6 6.e3 g6 7.Nge2 Bg7 8.O-O O-O
9.f4 Be6 10.Nd5 Rb8 11.Qd2 a6 12.b3 Ne7 13.Nxf6+ Bxf6 14.Bb2 c6 15.a4 Bg7
16.Rfd1 Qc7 17.Rac1 b5 18.fxe5 dxe5 19.axb5 axb5 20.Ba3 Rfc8 21.d4 bxc4 22.bxc4 Rb3
23.Bc5 Bh6 24.d5 cxd5 25.cxd5 Qd8 26.Bxe7 Rxc1 27.Nxc1 Qb6 28.Qa2 Rxe3 29.Qa8+ Kf7
30.Bc5 Qxc5 31.dxe6+ Kf6 32.Kh1 Rc3 33.Ne2 Ra3 34.Qh8+ Bg7 35.Qxh7 Qf2 36.Qh4+ g5
37.Qh5 Ra2 38.Qf7+  1-0

[Event "34th TCh-GRE"]
[Site "Ermioni Argolidas GRE"]
[Date "2005.07.07"]
[Round "4"]
[White "Mastrovasilis,A"]
[Black "Banikas,H"]
[Result "1/2-1/2"]
[WhiteElo "2495"]
[BlackElo "2548"]

1.c4 e5 2.g3 c6 3.d4 exd4 4.Qxd4 d5 5.Nf3 Nf6 6.Bg2 Na6 7.O-O Nb4 8.cxd5 Qxd5
9.Nc3 Qxd4 10.Nxd4 Bc5 11.a3 Nbd5 12.Nxd5 Nxd5 13.Rd1 Bb6 14.Bxd5 cxd5 15.Be3 Bg4
16.Rd2 Bxd4 17.Bxd4 O-O 18.f3 Be6 19.Rc1 b6 20.Rc7 Rfe8 21.g4 Bc8 22.Kf2 Ba6
23.h4 Bc4 24.h5 Rec8 25.Rb7 Rcb8 26.Rxb8+ Rxb8 27.g5 a5 28.Rc2 b5 29.Rc3 Re8
30.e3 a4 31.Rc1 Re6 32.Rh1 h6 33.Rg1  1/2-1/2

[Event "DMP 1st League"]
[Site "Koszalin POL"]
[Date "2005.07.09"]
[Round "6"]
[White "Zakoscielna,K"]
[Black "Bryla,L"]
[Result "1/2-1/2"]
[WhiteElo "1906"]
[BlackElo "1950"]

1.c4 e5 2.g3 f5 3.d4 exd4 4.Qxd4 Nc6 5.Qe3+ Qe7 6.Qd2 Qe4 7.Nf3 Bb4 8.Nc3 Qxc4
9.Bg2 Nf6 10.O-O O-O 11.Qd3 Qxd3 12.exd3 d6 13.Bg5 Bxc3 14.bxc3 h6 15.Be3 Ne5
16.Rfd1 Nfg4 17.Bc1 Rb8 18.h3 Nf6 19.Be3 b6 20.Nd4 Bd7 21.a4 a6 22.a5 b5
23.f4 Nf7 24.Nc2 c5 25.d4 Rfc8 26.dxc5 dxc5 27.Bd5 b4 28.Bc4 b3 29.Ne1 b2
30.Rab1 Rc6 31.Rd2 Be6 32.Bxe6 Rxe6 33.Bf2 Ne4 34.Rdxb2 Rxb2 35.Rxb2 Nxc3
36.Rb6 Nd8 37.Nd3 c4 38.Ne5 Ne2+ 39.Kf1 Rxb6 40.axb6 Nc3 41.Nxc4 Nb7 42.Be1 Ne4
43.Ke2 Kf7 44.Kd3 Ke6 45.Kd4 Nf6 46.Bb4 g5 47.fxg5 hxg5 48.Bd2 g4 49.h4 Nh5
50.Na5 Nd6 51.b7 Nxb7 52.Nxb7 Nxg3 53.Nc5+ Kf6 54.Nxa6 f4 55.Bxf4 Nf5+  1/2-1/2

[Event "ch-Paris Open"]
[Site "Paris FRA"]
[Date "2005.07.13"]
[Round "5"]
[White "Ghaem Maghami,E"]
[Black "Zaragatski,I"]
[Result "1/2-1/2"]
[WhiteElo "2603"]
[BlackElo "2389"]

1.c4 e5 2.g3 c6 3.d4 exd4 4.Qxd4 d5 5.cxd5 cxd5 6.Bg2 Nf6 7.Nf3 Nc6 8.Qa4 Be7
9.O-O O-O 10.Nc3 Qb6 11.Qb5 Qxb5 12.Nxb5 Bg4 13.Be3 a6 14.Nbd4 Ne4 15.Rac1 Rac8
16.Nxc6 bxc6 17.Rfd1 Bf6 18.Bd4 c5 19.Bxf6 Nxf6 20.h3 Bf5 21.g4 Be4 22.e3 h6
23.Ne1 Bxg2 24.Kxg2 c4 25.Nf3 Rb8 26.Rc2 a5 27.Nd4 a4 28.Ne2 Rb7 29.Nc3 Rfb8
30.Rdd2 Ne4 31.Nxe4 dxe4 32.Rxc4 Rxb2 33.Rxb2 Rxb2 34.Rxa4 g5 35.Ra8+ Kg7
36.a4 Ra2 37.Kg3 Kh7 38.a5 Kg6 39.a6 Kg7 40.Kg2 Ra1 41.Kg3 Rg1+ 42.Kh2 Rf1
43.Kg2 Ra1 44.h4 Kh7 45.Kh2 Kg7 46.Kg2 Kh7 47.h5 Kg7 48.Ra7 Kg8 49.f3 exf3+
50.Kxf3 Ra4 51.e4 Ra3+ 52.Kf2 Kf8 53.Ke2 Kg7 54.Ra8 Rg3 55.Kf2 Ra3 56.Ke2 Rg3
57.Kf1 Re3 58.a7 Ra3 59.Ke2 Ra2+ 60.Kd3 Ra1 61.Kd4 Ra2 62.e5 Ra1 63.Kc5 Rc1+
64.Kd6 Ra1 65.Kc6 Rc1+ 66.Kd7 Ra1 67.Ke7 Ra6 68.Kd7 Ra1 69.Kc7 Rc1+ 70.Kd6 Ra1
71.Kd7 Ra2 72.Ke8 Ra1 73.Ke7 Ra6 74.Kd7  1/2-1/2

[Event "Open"]
[Site "Condom FRA"]
[Date "2005.07.14"]
[Round "7"]
[White "Marciniak,G"]
[Black "Schuermans,R"]
[Result "0-1"]
[WhiteElo "2154"]
[BlackElo "2274"]

1.c4 e5 2.g3 Nf6 3.Bg2 Nc6 4.Nc3 Bb4 5.Nd5 Bc5 6.e3 O-O 7.Ne2 a6 8.O-O d6
9.a3 Ba7 10.b4 Nxd5 11.cxd5 Ne7 12.Bb2 Bg4 13.h3 Bh5 14.g4 Bg6 15.f4 Bd3
16.Rf2 Bc4 17.fxe5 Bxd5 18.Bxd5 Nxd5 19.Qb3 c6 20.Raf1 Qc7 21.exd6 Qxd6 22.Nf4 Nxf4
23.Rxf4 Qxd2 24.Bd4 Bxd4 25.exd4 Kh8 26.R1f2 Qe1+ 27.Kg2 f6 28.d5 cxd5 29.Qxd5 b5
30.g5 Rae8 31.Qd6 Rg8 32.gxf6 gxf6+ 33.Rg4 Rxg4+ 34.hxg4 Qe6 35.Qd4 Kg7 36.g5 Rf8
37.Rc2 Qf5 38.Rc7+ Kg6 39.gxf6 Rxf6 40.Rc3 Qf1+ 41.Kg3 Qe1+ 42.Kh3 Qe6+ 43.Kg2 Qe2+
44.Kg3 Re6 45.Qd3+ Qxd3+ 46.Rxd3 Kf5 47.a4 Ke4 48.Rd7 bxa4 49.Rxh7 Kd5 50.Kf3 Kc4
51.Rh4+ Kb3 52.Kf4 Rc6 53.Ke3 a3 54.Kd3 a2 55.Rh1 Kb2  0-1

[Event "ch-SWE"]
[Site "Goeteborg SWE"]
[Date "2005.07.14"]
[Round "12"]
[White "Hermansson,E"]
[Black "Cramling,P"]
[Result "0-1"]
[WhiteElo "2430"]
[BlackElo "2494"]

1.c4 e5 2.g3 Nf6 3.Bg2 c6 4.d4 d6 5.Nc3 Nbd7 6.Nf3 Be7 7.O-O O-O 8.e4 a6
9.Qc2 Qc7 10.Be3 Qb8 11.Rac1 b5 12.h3 Re8 13.Rfd1 Bb7 14.Kh2 exd4 15.Rxd4 b4
16.Nb1 c5 17.Rd5 Nxd5 18.cxd5 a5 19.Nbd2 Nb6 20.Bf4 a4 21.Nf1 Bc8 22.Qd2 Nd7
23.Ne3 Bf8 24.Nh4 Nf6 25.f3 Nh5 26.Bf1 Bd7 27.Ng4 Nxf4 28.Qxf4 Qd8 29.Nf5 Bxf5
30.Qxf5 g6 31.Nf6+ Kh8 32.Qf4 Re7 33.Qh4 h6 34.g4 Re5 35.f4 Rxe4 36.g5 Re7
37.Rc2 b3 38.axb3 axb3 39.Rg2 Ra1 40.Be2 c4 41.f5 Re5 42.fxg6 Rxg5 43.Rf2 Rxg6
44.Bh5 Rgg1 45.Qe4 Rh1+ 46.Kg3 Rhg1+ 47.Kh2 Rg7 48.Qe3 Rg6 49.Bxg6 fxg6 50.Ne8 Qe7
51.Qd4+ Bg7 52.Nxg7 Qxg7 53.Qxc4 Qe5+ 54.Qf4 Qxf4+ 55.Rxf4 Rd1 56.Rf6 Rxd5
57.Rxg6 Kh7 58.Re6 Rd3 59.Kg2 Kg7 60.h4 h5 61.Kf2 Rd2+ 62.Kf3 Kf7 63.Rh6 d5
64.Rxh5 Ke6 65.Rh8 Rxb2 66.Rb8 Ke5 67.Kg3 Rb1 68.h5 b2 69.Kg2 Kf6 70.Rb7 Kg5
71.Rb5 Kh6 72.Rxd5 Rg1+ 73.Kxg1 b1=Q+ 74.Kf2 Qa2+  0-1

[Event "Politiken Cup"]
[Site "Copenhagen DEN"]
[Date "2005.07.17"]
[Round "2"]
[White "Malmberg,M"]
[Black "Hjelm,N"]
[Result "1/2-1/2"]
[WhiteElo "2103"]
[BlackElo "2333"]

1.c4 e5 2.g3 Nc6 3.Bg2 Nf6 4.Nc3 Bb4 5.Nd5 a5 6.e3 O-O 7.a3 Be7 8.Ne2 d6
9.Qc2 Bg4 10.Nec3 Qd7 11.Nxf6+ Bxf6 12.Nd5 Bd8 13.b3 Rb8 14.Bb2 Ne7 15.Nxe7+ Bxe7
16.O-O Bf5 17.Be4 Bxe4 18.Qxe4 c6 19.Qd3 Bf6 20.f4 e4 21.Qc2 Bxb2 22.Qxb2 d5
23.c5 d4 24.b4 axb4 25.Qxb4 Rfd8 26.a4 dxe3 27.dxe3 Qd3 28.Ra3 Qd5 29.f5 Qe5
30.Rf4 Rd1+ 31.Kg2 Rbd8 32.Ra2 Re8 33.a5 Rd7 34.Ra4 Rde7 35.a6 bxa6 36.Rxa6 Qd5
37.Qa3 h5 38.Kh3 f6 39.Ra8 Rxa8 40.Qxa8+ Kf7 41.Qh8 Qd1 42.Kh4 Qd2 43.Qxh5+ Kg8
44.Kh3 Qxe3 45.Rh4 Qf3 46.Qh7+ Kf7 47.Qg6+ Kg8 48.Qh7+ Kf7 49.Qg6+ Kg8 50.Qh7+  1/2-1/2

[Event "Politiken Cup"]
[Site "Copenhagen DEN"]
[Date "2005.07.18"]
[Round "4"]
[White "Andersen,Dani"]
[Black "Aabling Thomsen,J"]
[Result "0-1"]
[WhiteElo "2034"]
[BlackElo "2208"]

1.c4 e5 2.g3 Nf6 3.Bg2 Nc6 4.Nc3 Bb4 5.Nd5 Bc5 6.e3 O-O 7.Ne2 d6 8.O-O a6
9.a3 Nxd5 10.cxd5 Ne7 11.d4 Bb6 12.b4 Ng6 13.dxe5 dxe5 14.e4 a5 15.Bb2 axb4
16.axb4 Rxa1 17.Bxa1 Qg5 18.Qc1 Qh5 19.Nc3 f5 20.exf5 Bxf5 21.Na4 Bd3 22.Nxb6 Bxf1
23.Qxf1 cxb6 24.Bc3 Qf5 25.Qe1 Re8 26.b5 Nf8 27.Be4 Qc8 28.Qd2 Qc4 29.Bd3 Qb3
30.Bb4 Ra8 31.Bf5 Qf3  0-1

[Event "Open A"]
[Site "Pardubice CZE"]
[Date "2005.07.22"]
[Round "1"]
[White "Matjushin,G"]
[Black "Jaracz,B"]
[Result "1-0"]
[WhiteElo "2443"]
[BlackElo "2251"]

1.c4 e5 2.g3 Nf6 3.Bg2 Nc6 4.Nf3 h6 5.O-O Be7 6.Nc3 O-O 7.d4 exd4 8.Nxd4 Bb4
9.Na4 Be7 10.b3 Nxd4 11.Qxd4 Nh7 12.Nc3 Bf6 13.Qd2 d6 14.Bb2 Rb8 15.Rad1 a6
16.Qc2 b6 17.e4 Bb7 18.Rfe1 Re8 19.f4 Qc8 20.b4 Nf8 21.a3 a5 22.Nd5 Bxb2
23.Qxb2 axb4 24.axb4 Ba8 25.Qf2 Nd7 26.Bh3 Qd8 27.e5 Nf8 28.Ne3 Be4 29.Rd4 Bh7
30.Red1 Ne6 31.R4d2 Qe7 32.Nd5 Qd8 33.Nc3 Qc8 34.exd6 cxd6 35.Nb5 Qxc4 36.Nxd6 Qxb4
37.Nxe8 Rxe8 38.Bxe6 fxe6 39.Rd7 Bf5 40.Qd4 Qxd4+ 41.R1xd4 Rb8 42.Rd8+ Rxd8
43.Rxd8+ Kf7 44.Rb8 Kf6 45.Rxb6 Be4 46.Kf2 Bd5 47.Ke3 h5 48.Rb8 g6 49.Kf2 Be4
50.Rf8+ Kg7 51.Re8 Kf6 52.Ke3 Bf5 53.Kd4 Bg4 54.Kc5 e5 55.Kd6 exf4 56.Rf8+ Kg7
57.Rxf4 Bd1 58.Ke5 Bb3 59.Rb4 Bc2 60.Rb7+ Kh6 61.Kf6 Bd3 62.Rb8 Kh7 63.Kg5 Kg7
64.Rb7+ Kg8 65.h4 Kf8 66.Ra7 Kg8 67.Kf6  1-0

[Event "Open A"]
[Site "Pardubice CZE"]
[Date "2005.07.22"]
[Round "1"]
[White "Askarov,M"]
[Black "Adnoy,H"]
[Result "0-1"]
[WhiteElo "2421"]
[BlackElo "2238"]

1.c4 e5 2.g3 Nc6 3.Bg2 g6 4.Nc3 Bg7 5.e3 f5 6.Nge2 Nf6 7.d3 O-O 8.O-O d6
9.b3 Be6 10.Bb2 d5 11.cxd5 Nxd5 12.Na4 f4 13.Nc5 Bc8 14.Nc3 Nde7 15.N3e4 Nf5
16.Qe2 b6 17.Na4 fxe3 18.fxe3 Bh6 19.Nf2 Bd7 20.Ng4 Bg7 21.Rac1 Qe8 22.d4 Kh8
23.Nxe5 Nxe5 24.Bxa8 Bb5 25.Qd2 Qxa8 26.dxe5 Bxf1 27.Rxf1 Rd8 28.Qe2 Qe4
29.Nc3 Qxe5 30.Nd1 Qe4 31.Bxg7+ Kxg7 32.Re1 Re8 33.Nf2 Qe5 34.Ng4 Qc3 35.Rd1 Nxe3
36.Rd7+ Kh8 37.Nxe3 Rxe3 38.Rd8+ Kg7 39.Qf2 Re1+ 40.Kg2 Qc6+ 41.Kh3 Qe6+
42.g4 Re3+ 43.Kh4 Qe7+ 44.g5 Qe4+  0-1

[Event "Open A"]
[Site "Pardubice CZE"]
[Date "2005.07.23"]
[Round "2"]
[White "Kuzmicz,K"]
[Black "Okara,A"]
[Result "1/2-1/2"]
[WhiteElo "2357"]
[BlackElo "2236"]

1.c4 e5 2.g3 Nc6 3.Bg2 Nf6 4.Nc3 Bc5 5.e3 O-O 6.Nge2 d5 7.Nxd5 Nxd5 8.cxd5 Nb4
9.O-O Nxd5 10.d4 exd4 11.Nxd4 c6 12.Qa4 Qf6 13.Nb3 Nb6 14.Qa5 Be7 15.e4 Be6
16.f4 Rfd8 17.f5 Nc4 18.Qe1 Bd7 19.Qe2 Ne5 20.Bf4 Be8 21.g4 h6 22.Bg3 c5
23.Rfd1 c4 24.Nd2 b5 25.Kh1 Bc6 26.Nf3 Nxf3 27.Bxf3 Rd3 28.Rxd3  1/2-1/2

[Event "Open A"]
[Site "Pardubice CZE"]
[Date "2005.07.24"]
[Round "3"]
[White "Zeman,Ar"]
[Black "Kuzmina,O"]
[Result "0-1"]
[WhiteElo "2091"]
[BlackElo "2273"]

1.c4 e5 2.g3 d6 3.Bg2 Nc6 4.d3 g6 5.Nc3 Bg7 6.Nf3 Nf6 7.Rb1 O-O 8.O-O h6
9.b4 Ne8 10.b5 Ne7 11.Ne1 f5 12.Nd5 Nxd5 13.Bxd5+ Kh8 14.e3 Qe7 15.Qc2 g5
16.f4 gxf4 17.gxf4 e4 18.dxe4 Nf6 19.e5 dxe5 20.Bf3 exf4 21.Rb3 Ng4 22.Ba3 Qg5
23.exf4 Qg6 24.Bxg4 Rg8 25.Rg3 Bd4+ 26.Kh1 fxg4 27.f5 Qf6 28.Qe4 Be5 29.Nd3 Bc3
30.Be7 Qd4 31.Qf4 Kh7 32.h3 gxh3 33.Rxh3 Qxf4 34.Nxf4 Bd4 35.Rd3 Be5 36.f6 Bf5
37.Re3 Bd4 38.Re2 Rg4 39.f7 Bg7 40.Nh5 Bd3 41.f8=Q Bxf8 42.Rf7+ Kg6 43.Ref2 Bxe7
44.Rxe7 Kxh5 45.Rh2+ Kg5 46.Rg7+ Bg6 47.Re2 Kf6 48.Rxc7 Be4+ 49.Kh2 Rag8
50.Re7 Rh4+  0-1

[Event "Open A"]
[Site "Pardubice CZE"]
[Date "2005.07.24"]
[Round "3"]
[White "Grabinsky,V"]
[Black "Zhigalko,A"]
[Result "0-1"]
[WhiteElo "2316"]
[BlackElo "2526"]

1.c4 e5 2.g3 Nf6 3.Bg2 Nc6 4.Nc3 Bc5 5.e3 O-O 6.Nge2 d5 7.cxd5 Nb4 8.d4 exd4
9.exd4 Be7 10.Nf4 Bd6 11.O-O Bxf4 12.Bxf4 Nbxd5 13.Bg5 h6 14.Bxf6 Nxf6 15.Re1 Qd6
16.Qb3 Qxd4 17.Rad1 Qb6 18.Re7 c6 19.Rd6 Qxb3 20.axb3 Rb8 21.b4 a6 22.Na4 Bf5
23.Re5 Be6 24.Nc5 Rfd8 25.Nxb7 Rxd6 26.Nxd6 Rxb4 27.Bxc6 Rxb2 28.Nf5 Ng4
29.Ne7+ Kh7 30.Be4+ g6 31.Bxg6+ Kg7 32.Re1 Kf6 33.Bh5 Nxf2 34.Rf1 Kxe7 35.Rxf2 Rxf2
36.Kxf2 a5 37.Bd1 Kd6 38.Ke3 Kc5 39.Ba4 Kb4 40.Be8 f6 41.Kf4 Bc4 42.Kf5 Bb5
43.Bf7 a4 44.Kxf6 Bc4 45.Bg6 a3 46.Bb1 Kc3 47.g4 Kb2  0-1

[Event "MTO Open"]
[Site "Biel SUI"]
[Date "2005.07.25"]
[Round "7"]
[White "Haas,C"]
[Black "Straub,P"]
[Result "0-1"]
[WhiteElo "2181"]
[BlackElo "2084"]

1.c4 e5 2.g3 d6 3.Bg2 g6 4.Nc3 Bg7 5.Rb1 f5 6.e3 Nf6 7.Nge2 Nc6 8.b4 O-O
9.d3 Qe7 10.Nd5 Nxd5 11.cxd5 Nd8 12.O-O Bd7 13.b5 b6 14.Qc2 Be8 15.d4 e4
16.Bd2 a6 17.bxa6 Rxa6 18.h4 h6 19.f3 exf3 20.Rxf3 g5 21.Bf1 Bh5 22.Rxf5 Rxf5
23.Qxf5 Rxa2 24.Qd3 gxh4 25.Nc3 hxg3 26.Bh3 Qh4 27.Kg2 Bf6 28.e4 Qf4  0-1

[Event "Open Dutch Championship"]
[Site "Dieren NED"]
[Date "2005.07.26"]
[Round "1"]
[White "Veltman,J"]
[Black "Rothuis,V"]
[Result "0-1"]
[WhiteElo "2126"]
[BlackElo "2276"]

1.c4 e5 2.g3 g6 3.Bg2 Bg7 4.Nc3 f5 5.d3 Nf6 6.Nf3 Nc6 7.O-O d6 8.Rb1 a5 9.a3 O-O
10.b4 axb4 11.axb4 h6 12.b5 Ne7 13.Bb2 g5 14.Qb3 Be6 15.Ra1 Rb8 16.Ra7 Qe8
17.b6 c6 18.Ba3 Nc8 19.Rb1 Qh5 20.Nxe5 dxe5 21.Bxf8 Bxf8 22.Qa4 Bc5 23.Rxb7 Rxb7
24.Qxc6 Rxb6 25.Rxb6 Nxb6 26.Qxc5 Nc8 27.Qxe5 Qf7 28.Nb5 Nd7 29.Qc7 Nf8 30.Qb8 Qf6
31.Nc7 Qa1+ 32.Bf1 Qa7 33.Qxa7 Nxa7 34.Nxe6 Nxe6 35.Bh3 g4 36.Bg2 Kg7 37.h3 Kf6
38.hxg4 fxg4 39.e3 Ng5 40.Bb7 Ne6 41.d4 Nd8 42.Be4 Nc8 43.f3 Nd6 44.Bd3 gxf3
45.e4 N6f7 46.Kf2 Ng5 47.e5+ Ke7 48.Ke3 Nc6 49.Bf5 Kf7 50.c5 Nb4 51.Kf2 Ke7
52.d5 Nxd5 53.Bg4 Nb4 54.Ke3 Nc2+ 55.Kf2 Nd4 56.Ke3 Nc6 57.Kf4 f2 58.Be2 Ne6+
59.Ke4 Nxc5+ 60.Kd5 Ne6 61.Ke4 Ng5+ 62.Ke3 Nxe5 63.Kxf2 Ne4+ 64.Kg2 Kf6 65.Bd1 Kg5
66.Be2 Nf6 67.Kh3 Nf7 68.Bb5 Nd6 69.Bc6 Nc4 70.Bb5 Ne3 71.Ba4 Ne4 72.Be8 Nf2+
73.Kh2 Kg4 74.Bd7+ Nf5 75.Kg2 Ne4 76.Bc6 Nexg3 77.Bf3+ Kf4 78.Bc6 h5 79.Kh3 h4
80.Kg2 Ne3+ 81.Kh3 Kg5 82.Bd7 Nh5 83.Kh2 Ng4+ 84.Kh1 h3 85.Bc6 Ng3+ 86.Kg1 h2+  0-1

[Event "Open A"]
[Site "Pardubice CZE"]
[Date "2005.07.26"]
[Round "5"]
[White "Bromann,T"]
[Black "Jaracz,B"]
[Result "1-0"]
[WhiteElo "2376"]
[BlackElo "2251"]

1.c4 e5 2.g3 Nf6 3.Bg2 Nc6 4.a3 g6 5.b4 Bg7 6.Bb2 d6 7.d3 O-O 8.e3 Bg4 9.Ne2 Qd7
10.h3 Be6 11.Nd2 a6 12.Qc2 h6 13.Rc1 Nh7 14.Qb1 d5 15.cxd5 Bxd5 16.Ne4 f5
17.Nc5 Qf7 18.f3 Ng5 19.O-O b6 20.Nxa6 Rxa6 21.b5 Ra5 22.bxc6 Qe6 23.e4 fxe4
24.dxe4 Bxc6 25.Kh2 Bb5 26.Qc2 Qe7 27.Rf2 Ne6 28.Nc3 Bc4 29.Nd5 Bxd5 30.exd5 Rxd5
31.Qxg6 Rb5 32.Bf1 Rxb2 33.Rxb2 Rxf3 34.Bc4 Rf6 35.Qg4 Kh8 36.Bxe6 Qxe6 37.Qxe6 Rxe6
38.Rxc7 e4 39.Re2 e3 40.a4 Kh7 41.Kg2 Kg6 42.Kf3 Bd4 43.Rc4 Rf6+ 44.Ke4 Bc5
45.a5 Re6+ 46.Kf3 Re5 47.Rec2 Rf5+ 48.Rf4  1-0

[Event "Open Dutch Championship"]
[Site "Dieren NED"]
[Date "2005.07.28"]
[Round "3"]
[White "Van der Elburg,F"]
[Black "Wielenga,W"]
[Result "1-0"]
[WhiteElo "2290"]
[BlackElo "2168"]

1.c4 e5 2.g3 Nf6 3.Bg2 Nc6 4.Nc3 Bb4 5.Nd5 a5 6.a3 Bc5 7.e3 d6 8.Ne2 Nxd5
9.cxd5 Ne7 10.d4 Bb6 11.O-O O-O 12.b3 Ng6 13.Bb2 Re8 14.dxe5 dxe5 15.Nc3 Bd7
16.h4 Ne7 17.Qc2 Nc8 18.Na4 Bxa4 19.bxa4 Nd6 20.Kh2 Re7 21.e4 Qe8 22.Rae1 f6
23.Bh3 Qh5 24.Be6+ Kh8 25.f4 Rae8 26.fxe5 fxe5 27.Kh3 Qg6 28.Rf3 h6 29.Kh2 Qh5
30.Ref1 Kh7 31.Kh3 Qg6 32.g4 Rxe6 33.dxe6 Nxe4 34.Rf5 Nd6 35.h5  1-0

[Event "MTO Open"]
[Site "Biel SUI"]
[Date "2005.07.29"]
[Round "11"]
[White "Masserey,Y"]
[Black "Meenakshi,S1"]
[Result "1-0"]
[WhiteElo "2338"]
[BlackElo "2273"]

1.c4 e5 2.g3 d6 3.Bg2 g6 4.d4 Bg7 5.dxe5 dxe5 6.Qxd8+ Kxd8 7.Nc3 c6 8.b3 Kc7
9.Bb2 Na6 10.O-O-O Bf5 11.f4 Nh6 12.h3 Rhd8 13.Nf3 f6 14.g4 Be6 15.fxe5 fxe5
16.Ng5 Bg8 17.Nce4 Rxd1+ 18.Rxd1 Rd8 19.Rxd8 Kxd8 20.Nd6 Kd7 21.Nxb7 Nxg4
22.hxg4 Bh6 23.Bxe5 Bxg5+ 24.Kb2 Be6 25.Bf3 Ke7 26.Na5 c5 27.Nc6+ Kf7 28.Nxa7 Bf6
29.Nc6 Bxe5+ 30.Nxe5+ Kf6 31.Nd3 Kg5 32.Nf2 Kf4 33.Kc3 Ke3 34.Nd3 Bf7 35.a3 h5
36.gxh5 gxh5 37.b4 cxb4+ 38.axb4 h4 39.b5 Nc7 40.Nb4 Ne6 41.Nc2+ Kf4 42.b6 Nc5
43.Kb4 Nd7 44.c5 h3 45.b7 h2 46.c6 Nb8 47.c7 Na6+ 48.Ka5 Bh5 49.c8=Q  1-0

[Event "Open Dutch Championship"]
[Site "Dieren NED"]
[Date "2005.07.30"]
[Round "5"]
[White "Veltman,J"]
[Black "Etmans,M"]
[Result "1/2-1/2"]
[WhiteElo "2126"]
[BlackElo "2171"]

1.c4 e5 2.g3 g6 3.Bg2 Bg7 4.Nc3 Nf6 5.e4 O-O 6.Nge2 Nc6 7.O-O d6 8.f4 Nd4
9.Nxd4 exd4 10.Ne2 d3 11.Nc3 Bg4 12.Qe1 Re8 13.Qe3 Be2 14.Nxe2 dxe2 15.Qxe2 d5
16.e5 c6 17.d3 d4 18.b4 Qb6 19.Bb2 Rad8 20.a3 Re7 21.a4 a5 22.bxa5 Qxa5 23.Ba3 Ree8
24.Rfb1 Ra8 25.Rxb7 Qa6 26.Rc7 Qxa4 27.Bxc6 Qa5 28.Bxe8 Nxe8 29.Rb7 Qc3 30.Bb2 Rxa1+
31.Kf2 Qa5 32.Bxa1 Qxa1 33.e6 f5 34.Kg2 Qa6 35.Rb8 Qc6+ 36.Kh3 Bf6 37.Qc2 h6
38.Qf2 Qxe6 39.Rb1 Qc6 40.Re1 Ng7 41.Qg2 Qxg2+ 42.Kxg2 Kf7 43.Kf3 Ne6 44.Rb1 Nc5
45.Ke2 g5 46.fxg5 hxg5 47.Rb5 Be7 48.h3 Ke6 49.Rb6+ Ke5 50.Rh6 Ne6 51.h4 gxh4
52.gxh4 Nf4+ 53.Kd2 Ng2 54.c5 Bxc5 55.h5 Bb4+ 56.Kd1 Nf4 57.Rb6 Bc5 58.Rc6 Kd5
59.Rf6 Ke5 60.Rc6 Be7 61.h6 Bf6 62.h7 Ng6 63.Ke2 f4 64.Kf3 Kf5 65.Rxf6+ Kxf6
66.h8=Q+ Nxh8 67.Kxf4  1/2-1/2

[Event "Open Dutch Championship"]
[Site "Dieren NED"]
[Date "2005.08.02"]
[Round "7"]
[White "Haimovich,T"]
[Black "Jonkman,H"]
[Result "1/2-1/2"]
[WhiteElo "2375"]
[BlackElo "2454"]

1.c4 e5 2.g3 Nf6 3.Bg2 Bc5 4.Nc3 O-O 5.e3 Re8 6.Nge2 Bf8 7.O-O c6 8.d4 d6
9.Qc2 Na6 10.a3 Be6 11.b3 Qc8 12.Bb2 Bh3 13.e4 b5 14.cxb5 cxb5 15.d5 b4 16.axb4 Nxb4
17.Qb1 a5 18.Rc1 Bxg2 19.Kxg2 Qa6 20.Rd1 Reb8 21.Ba3 Be7 22.Rd2 Nd7 23.Bxb4 Rxb4
24.Na4 Qb7 25.Rb2 f5 26.f3 fxe4 27.fxe4 Rb8 28.Nc1 Bg5 29.Nc3 Rc8 30.N1e2 Nf6
31.Ra4 Be3 32.Nd1 Bd4 33.Nxd4 exd4 34.Rxb4 Qxb4 35.Qd3 Ng4 36.Rc2 Rb8 37.Qa6 h5
38.Rc8+ Kh7 39.Rxb8 Qxb8 40.Qd3 Qb4 41.e5+ Kg8 42.exd6 Nf6 43.d7 Nxd7 44.Qf5 Nf6
45.Qe6+ Kf8 46.Qc8+ Kf7 47.Qe6+ Kg6 48.d6 Qb7+ 49.Kg1 Qc6 50.Nf2 Qc1+ 51.Kg2 Qc6+
52.Kg1 Qc1+ 53.Kg2 Qc6+  1/2-1/2